000 00176 a2200097 4500
020 _a9780531261200
041 _aspa
100 _aMargaret, mary
245 _aZas
942 _cBK
999 _c11179
_d11179